Summer Olympics - Boxing - Statistics

General Stats
  • This quiz has been taken 916 times
    643 since last reset
  • The average score is 44 of 77
Answer Stats
# % Correct
113 United States
100%
31 Russia
95%
12 China
92%
25 France
90%
29 Germany
90%
5 Japan
90%
13 Mexico
90%
73 Cuba
88%
5 Brazil
87%
4 Spain
86%
5 Australia
85%
17 Canada
85%
47 Italy
85%
14 Ukraine
82%
24 Argentina
80%
11 Sweden
77%
19 South Africa
76%
20 South Korea
75%
16 Ireland
74%
5 Norway
74%
2 India
73%
43 Poland
73%
51 Soviet Union
73%
15 Finland
72%
3 New Zealand
70%
5 Turkey
70%
4 Egypt
69%
14 Thailand
68%
1 Niger
66%
12 Denmark
65%
25 Romania
65%
18 Bulgaria
64%
7 Netherlands
64%
6 Nigeria
64%
5 Colombia
63%
4 Belgium
62%
3 Chile
62%
20 Hungary
62%
56 Great Britain
60%
11 Yugoslavia
58%
6 Algeria
57%
2 Belarus
57%
1 Croatia
57%
22 Kazakhstan
57%
1 Pakistan
56%
7 Venezuela
55%
8 North Korea
54%
4 Morocco
53%
1 Lithuania
52%
14 Uzbekistan
52%
13 East Germany
51%
1 Estonia
49%
7 Kenya
48%
5 Philippines
48%
6 Czechoslovakia
47%
6 Mongolia
46%
2 Tunisia
43%
1 Armenia
42%
1 Uruguay
41%
6 West Germany
41%
8 Azerbaijan
40%
3 Ghana
39%
1 Tajikistan
36%
1 Czech Republic
35%
2 Moldova
34%
2 Dominican Republic
32%
1 Syria
29%
2 Cameroon
28%
4 Uganda
25%
5 Puerto Rico
17%
1 Zambia
17%
1 Tonga
16%
1 Guyana
15%
2 Unified Team
7%
1 Mauritius
4%
1 Australasia
3%
1 Bermuda
3%
No matching quizzes found
Score Distribution
Percent of People with Each Score
Percentile by Number Answered
Your Score History
You have not taken this quiz since the last reset